[Event "IRL-ch 100th First Week"]
[Site "Dublin"]
[Date "2021.07.23"]
[Round "1"]
[White "Coulton Dillon, Luke"]
[Black "Collins, Brendan"]
[Result "1-0"]
[WhiteElo "700"]
[BlackElo "746"]
[PlyCount "97"]
[EventDate "2021.07.23"]
[EventType "swiss"]
[EventRounds "5"]
[EventCountry "IRL"]
[SourceTitle "EXT 2022"]
[Source "ChessBase"]
[SourceDate "2021.10.06"]
[SourceVersion "1"]
[SourceVersionDate "2021.10.06"]
[SourceQuality "1"]

1. e4 c6 2. d4 d5 3. e5 c5 4. dxc5 e6 5. Nc3 Nc6 6. Bb5 a6 7. Ba4 Bxc5 8. Nf3 Qc7 9. 0-0 Nge7 10. Ne2 0-0 11. Bg5 Nxe5 12. Nxe5 Qxe5 13. Bxe7 Bxe7 14. c3 Bd6 15. Ng3 b5 16. Bc2 f5 17. Re1 Qf6 18. Bxf5 exf5 19. Qxd5+ Kh8 20. Qxa8 f4 21. Ne4 Qg6 22. Nxd6 Qxd6 23. Qe4 h6 24. Qe7 Qxe7 25. Rxe7 Kh7 26. Rae1 Rf6 27. f3 Rd6 28. Rc7 Bf5 29. Ree7 Rd1+ 30. Kf2 Rd2+ 31. Ke1 Rxg2 32. Rf7 Kh8 33. Rxf5 Kh7 34. Rxf4 Kg6 35. Rg4+ Rxg4 36. fxg4 Kf6 37. Rc6+ Kg5 38. Rxa6 g6 39. h4+ Kxg4 40. Rxg6+ Kxh4 41. Rxh6+ Kg5 42. Rb6 Kf5 43. Rxb5+ Ke4 44. Kd2 Kf3 45. Re5 Kf4 46. Re8 Kf5 47. c4 Kf6 48. c5 Kf7 49. Re1 1-0